=LDR 00000nam 2200000 4500 =001 INLIS000000000013968 =005 20130612105258 =008 ***********************************Ind** =035 ##$$0010-061300000013968 =041 ##$$a Ind =082 ##$$a 808.2 =090 ##$$a 808.2, Gib d =100 ##$$a Gibran, Kahlil =245 ##$$a Drama manusia, Kahlil Gibran ; Penerjemah, Ruslani =260 ##$$a 2000 $b Yogyakarta =300 ##$$a 176 hlm, 21 cm =650 ##$$a Drama =700 ##$$a Ruslani =850 ##$$a NBPNMAT